Možnosti využitia agentového prístupu pri simulovaní ekonomiky

Agentový prístup k simulácii ekonomických modelov. Analýza možných prístupov k rozhodovaniu agentov v ekonomickom prostredí, hlavne pomocou aplikácie neurónových sietí a genetických algoritmov.

Gespeichert in:
Bibliographische Detailangaben
1. Verfasser: Zajac, Jaroslav
Format: Buchkapitel
Sprache:Slowakisch
Schlagworte:
Tags: Tag hinzufügen
Keine Tags, Fügen Sie das erste Tag hinzu!

MARC

LEADER 00000naa$a2200000$$$4500
001 0021270
005 20231102102901.1
041 0 |a slo 
044 |a SK 
245 1 0 |a Možnosti využitia agentového prístupu pri simulovaní ekonomiky  |c Jaroslav Zajac 
520 |a Agentový prístup k simulácii ekonomických modelov. Analýza možných prístupov k rozhodovaniu agentov v ekonomickom prostredí, hlavne pomocou aplikácie neurónových sietí a genetických algoritmov. 
610 2 0 |a modely ekonomické 
610 2 0 |a simulácia 
610 2 0 |a siete neurónové 
610 2 0 |a algoritmy 
610 2 0 |a rozhodovanie 
610 2 0 |a prostredie ekonomické 
100 1 |a Zajac, Jaroslav